00852nam a22002417a 4500003000400000005001700004008004100021020003000062040003100092050001400123100003100137245009500168260005700263300004500320336002400365337002800389338002500417440002700442504005700469650003800526650002200564700002400586OSt20241010094300.0240926b |||||||| |||| 00| 0 eng d a9780803949027 (paperback) aNUSTbengcNUSTdNUSTerda aRC560 RES aResick, Patricia AeAuthor aCognitive processing therapy for rape victims :ba treatment manual /c Patricia A. Resick aNewbury Park, Calif. :b Sage Publications, c[1993] axi, 178 pages :bIllustrations ;c24 cm. 2rdamediaatextbtxt 2rdamediaaunmediatedbn 2rdamediaavolumebnc aInterpersonal violence aIncludes bibliographical references (pages 173-176). vRape trauma syndrome -- Treatment vCognitive therapy a Schnicke, Monica K